000 01501pab a2200169 454500
008 180718b1999 xxu||||| |||| 00| 0 eng d
100 _aVijay, R.
245 _aModeling migrant native contracts
260 _c1999
300 _ap.238-44
362 _aSep
520 _aAn interesting feature witnessed in Andhra Pradesh (AP) is the out-migration of peasants from their village of origin to areas with `potential' for assured water supply. These migrations introduced new crops into the area that they have migrated to. It is generally seen that initially the contracts between migrant and native are sale/purchange contracts. Tenancy contracts become more important after a point of time, and within this broad category there is a shift from fixed rental contracts being more widely prevalent form to share tenancy over time. An explanation of the above feature is attempted in this paper. The explanation of the heterogeneity in the contracts is based on differences in the information set on cultivation practices between migrant and native. Here, we assume that the native learn the process of cultivation by viewing the migrant cultivate and in the process reducing the difference in information between the migrant and native. Here, we postulate that the nature of contracts would depend on differences in information between migrant and native. - Reproduced
650 _aMigrant workers - India - Andhra Pradesh
650 _aMigrant workers
773 _aArtha Vijnana
909 _a44588
999 _c44588
_d44588